Joueur NBA par pays - Statistiques

Statistiques générales
  • Ce quiz a été pris 195 fois
  • Le résultat moyen est 10 sur 15
Statistiques - réponses
Pays Réponse % Correct
France Tony Parker
98%
Etats-Unis Michael Jordan
93%
Slovénie Luka Doncic
83%
Serbie Nikola Jokic
81%
Grèce Giánnis Antetokounmpo
77%
Espagne Pau Gasol
77%
Cameroun Joel Embiid
75%
Chine Yao Ming
70%
Allemagne Dirk Nowitzki
68%
Canada Shai Gilgeous-Alexander
65%
Argentine Manu Ginobili
60%
Nigeria Hakeem Olajuwon
50%
Lituanie Domantas Sabonis
46%
Philippines Jordan Clarkson
38%
Australie Ben Simmons
34%
Aucun quiz correspondant
Distribution des résultats
% des personnes avec chaque résultat
Percentile par nombre de réponses
Votre historique - résultats
Vous n’avez pas pris ce quiz